[Event "2. Bundesliga Mitte 2009/2010"]
[Site "Gleisdorf"]
[Date "2009.10.11"]
[Round "2"]
[Board "2"]
[White "Gostisa, Leon"]
[Black "Horvath, Csaba"]
[Result "0-1"]
[WhiteElo "2409"]
[BlackElo "2549"]
[PlyCount "50"]
[EventDate "2009.10.10"]
[EventType "team"]
[EventRounds "11"]
[EventCountry "AUT"]
[WhiteTeam "SV Raika Rapid Feffernitz"]
[BlackTeam "SC Die Klagenfurter"]

1.d4 Nf6 2.Nf3 e6 3.g3 d5 4.Bg2 Be7 5.O-O O-O 6.c4 c6 7.Qc2 b6 8.Nbd2 Bb7 9.b3
Nbd7 10.e4 c5 11.exd5 exd5 12.Bb2 Rc8 13.dxc5 Bxc5 14.Rad1 Re8 15.Qf5 Qc7 16.Nd4
Qe5 17.Qxe5 Nxe5 18.N4f3 Ned7 19.Rfe1 dxc4 20.Nxc4 Bd5 21.Nfe5 Nxe5 22.Bxe5 Bxc4
23.Bxf6 Be2 24.Rd2 Bb5 25.Rxe8+ Rxe8

[Event "2. Bundesliga Mitte 2009/2010"]
[Site "Gleisdorf"]
[Date "2009.10.11"]
[Round "2"]
[Board "3"]
[White "Pilaj, Herwig"]
[Black "Jeric, Simon"]
[Result "1/2-1/2"]
[WhiteElo "2363"]
[BlackElo "2298"]
[PlyCount "102"]
[EventDate "2009.10.10"]
[EventType "team"]
[EventRounds "11"]
[EventCountry "AUT"]
[WhiteTeam "SC Die Klagenfurter"]
[BlackTeam "SV Raika Rapid Feffernitz"]

1.d4 d5 2.Nf3 Nf6 3.c4 c6 4.e3 a6 5.Nc3 b5 6.c5 Bg4 7.Qb3 Nbd7 8.a4 e5 9.Qa3 Rc8
10.axb5 axb5 11.Qa5 Qxa5 12.Rxa5 Be7 13.Na2 O-O 14.Nb4 exd4 15.exd4 Rfe8 16.Be2
Bd8 17.Ra6 Nb8 18.Ra8 Bxf3 19.gxf3 Nh5 20.Kd1 Bc7 21.Nd3 g6 22.Bf1 Ng7 23.Bh3 f5
24.f4 Ne6 25.Be3 Nd7 26.Ra6 Ra8 27.Rxc6 Ra1+ 28.Nc1 Nb8 29.Rxe6 Rxe6 30.Bg2 Re4
31.Bxe4 fxe4 32.h4 Nc6 33.h5 Ne7 34.hxg6 hxg6 35.Kc2 Nf5 36.Rd1 Kf7 37.Ne2 Rxd1
38.Kxd1 Ba5 39.Nc1 Ke6 40.Na2 Kd7 41.b4 Bd8 42.Nc3 Kc6 43.Kd2 Bh4 44.Ne2 Kd7
45.Nc3 Kc6 46.Ne2 Kd7 47.Nc1 Bf6 48.Nb3 Kc7 49.Ke2 Nh4 50.Nd2 Nf5 51.Nb3 Nh4

[Event "2. Bundesliga Mitte 2009/2010"]
[Site "Gleisdorf"]
[Date "2009.10.11"]
[Round "2"]
[Board "4"]
[White "Reiss, Georg"]
[Black "Genser, Harald"]
[Result "0-1"]
[WhiteElo "2153"]
[BlackElo "2272"]
[PlyCount "152"]
[EventDate "2009.10.10"]
[EventType "team"]
[EventRounds "11"]
[EventCountry "AUT"]
[WhiteTeam "SV Raika Rapid Feffernitz"]
[BlackTeam "SC Die Klagenfurter"]

1.d4 Nf6 2.c4 e6 3.Nc3 Bb4 4.Bg5 h6 5.Bh4 c5 6.e3 O-O 7.Bd3 cxd4 8.exd4 d5
9.Nge2 dxc4 10.Bxc4 Be7 11.O-O Nbd7 12.Re1 Re8 13.Qd3 a6 14.a4 Nb6 15.Bb3 Nbd5
16.Bxf6 Nxf6 17.Nf4 Bd6 18.Qf3 Bd7 19.d5 e5 20.Nh5 Nxh5 21.Qxh5 f5 22.a5 Qg5
23.Qxg5 hxg5 24.Ba4 Bxa4 25.Rxa4 Rac8 26.f3 Kf7 27.h3 Re7 28.Kf1 Rec7 29.Ke2 Rc4
30.Rea1 Bb4 31.Rc1 Bxc3 32.Rxc4 Rxc4 33.bxc3 Ke7 34.Kd3 Rc5 35.c4 Rxa5 36.Rb1 b5
37.c5 Ra4 38.d6+ Kd7 39.Re1 Rd4+ 40.Ke3 Rc4 41.Ra1 Rxc5 42.Rxa6 Rc2 43.g4 g6
44.Rb6 Rb2 45.Kd3 Rb3+ 46.Ke2 b4 47.Kf2 Rb2+ 48.Ke3 b3 49.Kd3 Rb1 50.Kc3 b2
51.Rb5 Kxd6 52.Rb6+ Kd5 53.Rb5+ Ke6 54.Rb6+ Kf7 55.Rb7+ Kf6 56.Rb6+ Kg7 57.Rb7+
Kh6 58.Rb5 Rf1 59.Kxb2 Rxf3 60.Rxe5 f4 61.Re8 Kg7 62.Re7+ Kf8 63.Re5 Rxh3
64.Rxg5 Kg7 65.Kc2 Rg3 66.Kd2 Kf6 67.Rb5 Rxg4 68.Ke2 Rg3 69.Kf2 Re3 70.Ra5 g5
71.Rb5 Ra3 72.Rc5 Kg6 73.Rb5 Kh5 74.Rc5 Kg4 75.Rb5 Ra2+ 76.Kf1 f3

[Event "2. Bundesliga Mitte 2009/2010"]
[Site "Gleisdorf"]
[Date "2009.10.11"]
[Round "2"]
[Board "5"]
[White "Petschar, Kurt"]
[Black "Tschohl, Christof"]
[Result "1-0"]
[WhiteElo "2266"]
[BlackElo "2160"]
[PlyCount "75"]
[EventDate "2009.10.10"]
[EventType "team"]
[EventRounds "11"]
[EventCountry "AUT"]
[WhiteTeam "SC Die Klagenfurter"]
[BlackTeam "SV Raika Rapid Feffernitz"]

1.Nf3 Nf6 2.d4 e6 3.g3 b6 4.Bg2 Bb7 5.O-O Be7 6.c4 O-O 7.Nc3 Ne4 8.Bd2 f5 9.d5
Bf6 10.Rc1 c5 11.a3 exd5 12.cxd5 d6 13.h4 h6 14.e3 Nd7 15.Qc2 Qe8 16.Rfd1 Qg6
17.Be1 Rfe8 18.Ne2 Qf7 19.Nf4 g5 20.hxg5 hxg5 21.Ne6 Rxe6 22.dxe6 Qxe6 23.Nd2 g4
24.Nxe4 fxe4 25.Bc3 d5 26.Bxf6 Nxf6 27.b4 c4 28.Kf1 Nd7 29.Ke2 Ne5 30.Rh1 Rf8
31.Qc3 Qf5 32.Rcf1 Rf6 33.Rh2 Bc6 34.Kd2 Nd3 35.Qd4 Ba4 36.Kc3 Kf7 37.Rfh1 Qxf2
38.Qxd5+

[Event "2. Bundesliga Mitte 2009/2010"]
[Site "Gleisdorf"]
[Date "2009.10.11"]
[Round "2"]
[Board "6"]
[White "Arztmann, Wolfgang"]
[Black "Titz, Heimo"]
[Result "0-1"]
[WhiteElo "2102"]
[BlackElo "2242"]
[PlyCount "56"]
[EventDate "2009.10.10"]
[EventType "team"]
[EventRounds "11"]
[EventCountry "AUT"]
[WhiteTeam "SV Raika Rapid Feffernitz"]
[BlackTeam "SC Die Klagenfurter"]

1.d4 Nf6 2.Nf3 e6 3.Bf4 b6 4.e3 Bb7 5.Nbd2 Be7 6.Bd3 O-O 7.Qe2 Nd5 8.h4 f5 9.c3
Nxf4 10.exf4 c5 11.dxc5 Bxc5 12.O-O-O Nc6 13.g4 Ne7 14.Rhg1 Nd5 15.gxf5 Nxf4
16.Rxg7+ Kxg7 17.Qe5+ Qf6 18.Qxf4 Kh8 19.Ne4 Qxf5 20.Qxf5 Rxf5 21.Nfg5 h6
22.Nxc5 Rxc5 23.Nf7+ Kg7 24.Nd6 Bd5 25.Rg1+ Kf6 26.Rg6+ Ke7 27.Ne4 Bxe4 28.Bxe4
Rf8

[Event "2. Bundesliga Mitte 2009/2010"]
[Site "Villach"]
[Date "2009.11.21"]
[Round "3"]
[Board "1"]
[White "Sebenik, Matej"]
[Black "Taggatz, Mario"]
[Result "1/2-1/2"]
[WhiteElo "2504"]
[BlackElo "2330"]
[PlyCount "60"]
[EventDate "2009.10.10"]
[EventType "team"]
[EventRounds "11"]
[EventCountry "AUT"]
[WhiteTeam "SV Raika Rapid Feffernitz"]
[BlackTeam "Spg. Sauwald"]

1.d4 Nf6 2.c4 Nc6 3.Nf3 e6 4.a3 d6 5.Nc3 g6 6.d5 exd5 7.cxd5 Ne7 8.e4 Bg7 9.Bc4
O-O 10.Bg5 h6 11.Bh4 Bg4 12.h3 Bxf3 13.Qxf3 Nd7 14.Qe2 g5 15.Bg3 f5 16.f3 Ne5
17.Ba2 a6 18.Qc2 Qd7 19.Rd1 fxe4 20.Nxe4 Nf5 21.Bf2 Rae8 22.O-O Ng6 23.Bb1 Be5
24.g3 Ng7 25.Kg2 Nh5 26.Rh1 Rf7 27.Nc3 Rf6 28.Ne4 Rf7 29.Nc3 Rf6 30.Ne4 Rf7

[Event "2. Bundesliga Mitte 2009/2010"]
[Site "Villach"]
[Date "2009.11.21"]
[Round "3"]
[Board "2"]
[White "Schmidt, Peter"]
[Black "Gostisa, Leon"]
[Result "1/2-1/2"]
[WhiteElo "2394"]
[BlackElo "2409"]
[PlyCount "89"]
[EventDate "2009.10.10"]
[EventType "team"]
[EventRounds "11"]
[EventCountry "AUT"]
[WhiteTeam "Spg. Sauwald"]
[BlackTeam "SV Raika Rapid Feffernitz"]

1.Nf3 Nf6 2.g3 b6 3.Bg2 Bb7 4.O-O e6 5.d4 c5 6.c4 cxd4 7.Qxd4 d6 8.Nc3 a6 9.Ng5
Bxg2 10.Kxg2 Nbd7 11.Nge4 Nc5 12.Rd1 Ncxe4 13.Nxe4 Nxe4 14.Qxe4 Rb8 15.Bf4 Qc7
16.b4 Rc8 17.c5 bxc5 18.bxc5 d5 19.Rxd5 Qc6 20.Rad1 Be7 21.Bd6 Bxd6 22.cxd6 Kd7
23.R5d4 Qxe4+ 24.Rxe4 Rb8 25.Ra4 Rb6 26.e4 f6 27.f4 e5 28.fxe5 fxe5 29.Ra5 Re8
30.Rdd5 Rc8 31.Rxe5 Rc2+ 32.Kh3 Kxd6 33.Rad5+ Kc7 34.Re7+ Kc8 35.Rf5 Rh6+ 36.Kg4
Rg6+ 37.Kf3 Kd8 38.Ra7 Ke8 39.Re5+ Kf8 40.Rd5 Ke8 41.Rdd7 Rxa2 42.Rdc7 Kd8
43.Rd7+ Kc8 44.Rf7 Kb8 45.Rab7+

[Event "2. Bundesliga Mitte 2009/2010"]
[Site "Villach"]
[Date "2009.11.21"]
[Round "3"]
[Board "3"]
[White "Starc, Christian"]
[Black "Testor, Sebastian"]
[Result "0-1"]
[WhiteElo "2127"]
[BlackElo "2319"]
[PlyCount "84"]
[EventDate "2009.10.10"]
[EventType "team"]
[EventRounds "11"]
[EventCountry "AUT"]
[WhiteTeam "SV Raika Rapid Feffernitz"]
[BlackTeam "Spg. Sauwald"]

1.d4 e6 2.c4 Nf6 3.Nc3 Bb4 4.f3 d5 5.e3 O-O 6.a3 Bxc3+ 7.bxc3 c6 8.cxd5 cxd5
9.Bd3 b6 10.Ne2 Ba6 11.Bxa6 Nxa6 12.Qa4 Nc7 13.O-O Qe8 14.Qxe8 Ncxe8 15.a4 Nd6
16.Ba3 Rfd8 17.Bxd6 Rxd6 18.Rfb1 Rb8 19.Rb4 Rc6 20.h4 Ne8 21.Kf2 Nd6 22.g4 Kf8
23.Kg3 Ke7 24.Kf2 Rbc8 25.g5 Rh8 26.h5 h6 27.g6 fxg6 28.Nf4 Rhc8 29.Nxg6+ Kf6
30.a5 b5 31.e4 dxe4 32.fxe4 Nxe4+ 33.Kf3 Nd6 34.Kg4 Rxc3 35.Rxb5 Nf5 36.Rf1 Rg3+
37.Kf4 Rd3 38.Rb4 Rd8 39.Ke4 R8xd4+ 40.Rxd4 Rxd4+ 41.Kf3 Ra4 42.Rg1 Nh4+

[Event "2. Bundesliga Mitte 2009/2010"]
[Site "Villach"]
[Date "2009.11.21"]
[Round "3"]
[Board "4"]
[White "Niederwieser, Peter"]
[Black "Jeric, Simon"]
[Result "1-0"]
[WhiteElo "2173"]
[BlackElo "2298"]
[PlyCount "93"]
[EventDate "2009.10.10"]
[EventType "team"]
[EventRounds "11"]
[EventCountry "AUT"]
[WhiteTeam "Spg. Sauwald"]
[BlackTeam "SV Raika Rapid Feffernitz"]

1.d4 d5 2.c4 c6 3.Nc3 Nf6 4.e3 a6 5.Nf3 Bg4 6.Qb3 b5 7.cxb5 axb5 8.Ne5 Bf5 9.Bd2
g6 10.Be2 Nfd7 11.Nxd7 Nxd7 12.O-O Bg7 13.a4 bxa4 14.Nxa4 O-O 15.Rfc1 e5 16.dxe5
Nxe5 17.Bc3 Qb8 18.Qd1 Rd8 19.Bd4 Bf8 20.Nc5 Rxa1 21.Rxa1 Nc4 22.b3 Nd6 23.Na6
Qc8 24.Rc1 Qa8 25.Nb4 Bd7 26.Nd3 Bg7 27.Bxg7 Kxg7 28.Ne5 Be8 29.Qd4 f6 30.Ng4
Ne4 31.f3 h5 32.fxe4 hxg4 33.e5 Qa2 34.exf6+ Kg8 35.Bxg4 Qxb3 36.Be6+ Bf7
37.Bxf7+ Kxf7 38.Qa7+ Kxf6 39.Rf1+ Ke6 40.Qf7+ Kd6 41.Rf6+ Kc5 42.Qe7+ Kb5
43.Qb7+ Ka4 44.Qxc6+ Qb5 45.Rf4+ Ka5 46.Qc7+ Qb6 47.Ra4+

[Event "2. Bundesliga Mitte 2009/2010"]
[Site "Villach"]
[Date "2009.11.21"]
[Round "3"]
[Board "5"]
[White "Tschohl, Christof"]
[Black "Linhart, Wolfgang"]
[Result "1/2-1/2"]
[WhiteElo "2160"]
[BlackElo "2221"]
[PlyCount "76"]
[EventDate "2009.10.10"]
[EventType "team"]
[EventRounds "11"]
[EventCountry "AUT"]
[WhiteTeam "SV Raika Rapid Feffernitz"]
[BlackTeam "Spg. Sauwald"]

1.e4 c5 2.c3 Nf6 3.e5 Nd5 4.d4 cxd4 5.Nf3 e6 6.cxd4 d6 7.a3 Bd7 8.Bd3 Bc6 9.O-O
Nd7 10.Qe2 Be7 11.b4 a6 12.Bd2 Rc8 13.Rc1 dxe5 14.dxe5 Bb5 15.Bxb5 axb5 16.Qxb5
Rxc1+ 17.Bxc1 Qc7 18.Bb2 O-O 19.Nbd2 Qc2 20.Bd4 Rd8 21.Qxb7 g5 22.Nf1 g4 23.N3d2
Bg5 24.Qb5 Bxd2 25.Qe2 Nf4 26.Qxg4+ Qg6 27.Qf3 Nf8 28.Bc5 Qd3 29.Qxd3 Rxd3
30.Nxd2 Rxd2 31.Be3 Ne2+ 32.Kf1 Rc2 33.a4 Nc3 34.b5 Nd7 35.Bd4 Nd5 36.a5 Rc4
37.Ba7 Rb4 38.b6 Kg7

[Event "2. Bundesliga Mitte 2009/2010"]
[Site "Villach"]
[Date "2009.11.21"]
[Round "3"]
[Board "6"]
[White "Maier, Josef"]
[Black "Arztmann, Wolfgang"]
[Result "0-1"]
[WhiteElo "1844"]
[BlackElo "2102"]
[PlyCount "88"]
[EventDate "2009.10.10"]
[EventType "team"]
[EventRounds "11"]
[EventCountry "AUT"]
[WhiteTeam "Spg. Sauwald"]
[BlackTeam "SV Raika Rapid Feffernitz"]

1.e4 e6 2.d4 d5 3.Nd2 Be7 4.c3 Nf6 5.e5 Nfd7 6.Bd3 b6 7.Qg4 g6 8.f4 Ba6 9.Bxa6
Nxa6 10.Qe2 Qc8 11.Ngf3 c5 12.Nb3 c4 13.Nbd2 b5 14.a3 Nb6 15.Nf1 Nb8 16.Ne3 h5
17.O-O Na4 18.Qc2 Nc6 19.Bd2 Na5 20.Be1 Qd8 21.Bd2 Nb3 22.Rab1 a5 23.Be1 Rb8
24.Nd2 Nxd2 25.Bxd2 Qd7 26.Ra1 Qc6 27.Rfb1 Kd7 28.Rf1 Ra8 29.Rfb1 Rhb8 30.Qc1 b4
31.Qc2 bxa3 32.bxa3 Kc7 33.Bc1 Rb3 34.Rxb3 cxb3 35.Qxb3 Rb8 36.Qc2 Qxc3 37.Qxc3+
Nxc3 38.Bd2 Ne2+ 39.Kf2 Nxd4 40.Bxa5+ Kd7 41.Bc3 Bc5 42.Rd1 Nf5 43.Bd2 Rb3
44.Re1 Rb2

[Event "2. Bundesliga Mitte 2009/2010"]
[Site "Villach"]
[Date "2009.11.21"]
[Round "3"]
[Board "1"]
[White "Kozul, Zdenko"]
[Black "Horvath, Csaba"]
[Result "1/2-1/2"]
[WhiteElo "2602"]
[BlackElo "2549"]
[PlyCount "68"]
[EventDate "2009.10.10"]
[EventType "team"]
[EventRounds "11"]
[EventCountry "AUT"]
[WhiteTeam "ZH-Technologies Wolfsberg"]
[BlackTeam "SC Die Klagenfurter"]

1.d4 Nf6 2.c4 e6 3.Nf3 d5 4.Nc3 dxc4 5.e4 Bb4 6.Bg5 c5 7.Bxc4 cxd4 8.Nxd4 Bxc3+
9.bxc3 Qa5 10.Bb5+ Bd7 11.Bxf6 gxf6 12.Bxd7+ Nxd7 13.O-O a6 14.Rb1 Qc7 15.Qh5
Nc5 16.Rb4 Qe5 17.Qh4 Rd8 18.Nf3 Qxc3 19.e5 Rg8 20.Qxh7 Ke7 21.Rf4 f5 22.Qh4+
Ke8 23.Qh7 Ke7 24.Rd4 Rxg2+ 25.Kxg2 Rxd4 26.Nxd4 Qxd4 27.Qg7 Nd3 28.Qg5+ Kf8
29.Qe3 Qd5+ 30.Qf3 Qc4 31.Rg1 b5 32.Qa8+ Ke7 33.Qb7+ Kf8 34.Qa8+ Ke7

[Event "2. Bundesliga Mitte 2009/2010"]
[Site "Villach"]
[Date "2009.11.21"]
[Round "3"]
[Board "2"]
[White "Genser, Harald"]
[Black "Stevic, Hrvoje"]
[Result "1/2-1/2"]
[WhiteElo "2272"]
[BlackElo "2610"]
[PlyCount "160"]
[EventDate "2009.10.10"]
[EventType "team"]
[EventRounds "11"]
[EventCountry "AUT"]
[WhiteTeam "SC Die Klagenfurter"]
[BlackTeam "ZH-Technologies Wolfsberg"]

1.d4 Nf6 2.c4 g6 3.Nc3 Bg7 4.e4 d6 5.Nf3 O-O 6.Be2 e5 7.O-O Nh5 8.Bg5 f6 9.Be3
Nf4 10.c5 Nxe2+ 11.Qxe2 exd4 12.Nxd4 dxc5 13.Qc4+ Rf7 14.Qxc5 b6 15.Qd5 Qxd5
16.Nxd5 c6 17.Nc3 Bd7 18.Rfd1 Na6 19.Rd2 Re7 20.Rad1 Be8 21.Nde2 Kf7 22.g4 c5
23.f3 Nc7 24.Nd5 Nxd5 25.Rxd5 Bc6 26.R5d2 Rb8 27.Kf2 Rbb7 28.Nc3 Rbd7 29.Rd6
Rxd6 30.Rxd6 Re6 31.Rd2 Re7 32.Rd6 Re6 33.Rd2 Bf8 34.Bf4 Re8 35.Be3 Re7 36.Bf4
Rd7 37.Rxd7+ Bxd7 38.a4 Bc6 39.h3 Ke6 40.Nb5 a6 41.Nc3 f5 42.exf5+ gxf5 43.Bc7
b5 44.axb5 axb5 45.Ke3 Bg7 46.gxf5+ Kxf5 47.Bd6 Bd4+ 48.Kd3 Bg1 49.b3 Ke6 50.Bf8
Bxf3 51.Nxb5 Bg2 52.Nc3 Bxh3 53.Ne2 Bf1 54.Kd2 Bf2 55.Nf4+ Kf7 56.Bd6 Bg3 57.Ke3
Bh2 58.Kf2 Bb5 59.Kg2 Bxf4 60.Bxf4 Ke6 61.Kf2 Bd3 62.Bd2 Kd5 63.Ke3 Bc2 64.b4 c4
65.Be1 Ba4 66.Bc3 Be8 67.Kf4 Kc6 68.Kg5 h5 69.Kh4 Kd5 70.Bg7 Ke4 71.Bh8 Bf7
72.Bg7 Kd5 73.Bc3 Be8 74.Bg7 Kc6 75.Bc3 Kb5 76.Be1 Ka4 77.Kg5 Kb3 78.b5 Bxb5
79.Kxh5 c3 80.Bxc3 Kxc3

[Event "2. Bundesliga Mitte 2009/2010"]
[Site "Villach"]
[Date "2009.11.21"]
[Round "3"]
[Board "3"]
[White "Jovanovic, Zoran"]
[Black "Petschar, Kurt"]
[Result "0-1"]
[WhiteElo "2526"]
[BlackElo "2266"]
[PlyCount "77"]
[EventDate "2009.10.10"]
[EventType "team"]
[EventRounds "11"]
[EventCountry "AUT"]
[WhiteTeam "ZH-Technologies Wolfsberg"]
[BlackTeam "SC Die Klagenfurter"]

1.e4 e5 2.Nf3 Nc6 3.Bb5 a6 4.Ba4 Nf6 5.Qe2 b5 6.Bb3 Bc5 7.c3 d6 8.d3 h6 9.Nbd2
O-O 10.Nf1 a5 11.a3 Be6 12.Bxe6 fxe6 13.Ng3 a4 14.O-O Na5 15.Be3 Bxe3 16.fxe3
Qe8 17.d4 Nc4 18.Nd2 Nxd2 19.Qxd2 Qg6 20.Qd3 Rab8 21.d5 Nxd5 22.Nf5 exf5
23.Qxd5+ Kh7 24.exf5 Rxf5 25.e4 Rf4 26.Rxf4 exf4 27.Rf1 Rf8 28.Rf3 Qg5 29.Qxg5
hxg5 30.Rd3 Re8 31.Rd4 g4 32.Kf2 Re5 33.h3 gxh3 34.gxh3 g5 35.Kf3 Kg6 36.c4 Rc5
37.h4 Rxc4 38.Rd2 gxh4 39.Kxf4

[Event "2. Bundesliga Mitte 2009/2010"]
[Site "Villach"]
[Date "2009.11.21"]
[Round "3"]
[Board "4"]
[White "Titz, Heimo"]
[Black "Hoelzl, Franz"]
[Result "1/2-1/2"]
[WhiteElo "2242"]
[BlackElo "2333"]
[PlyCount "85"]
[EventDate "2009.10.10"]
[EventType "team"]
[EventRounds "11"]
[EventCountry "AUT"]
[WhiteTeam "SC Die Klagenfurter"]
[BlackTeam "ZH-Technologies Wolfsberg"]

1.c4 e6 2.Nf3 Nf6 3.g3 d5 4.b3 c5 5.Bg2 Nc6 6.O-O d4 7.d3 Be7 8.Na3 O-O 9.Nc2 e5
10.a3 a5 11.Rb1 Rb8 12.Bg5 Bg4 13.Bxf6 Bxf6 14.b4 axb4 15.axb4 b5 16.cxb5 Rxb5
17.bxc5 Rxc5 18.Nb4 Nxb4 19.Rxb4 Qa5 20.Qa4 Qc7 21.h3 Bd7 22.Qa6 Rc2 23.Re1 h6
24.Qb6 Qc8 25.Kh2 Re8 26.Rb2 Re6 27.Rxc2 Qxc2 28.Qb8+ Re8 29.Qd6 Bf5 30.Qd5 Qb2
31.Qa5 Bg6 32.Qd2 Rb8 33.Qxb2 Rxb2 34.Ng1 h5 35.h4 Bf5 36.Bf3 Bg4 37.Kg2 g5
38.hxg5 Bxg5 39.Ra1 Kg7 40.Ra7 Kg6 41.Ra6+ Kg7 42.Ra7 Kg6 43.Ra6+

[Event "2. Bundesliga Mitte 2009/2010"]
[Site "Villach"]
[Date "2009.11.21"]
[Round "3"]
[Board "5"]
[White "Steflitsch, Erich"]
[Black "Wertjanz, David"]
[Result "1/2-1/2"]
[WhiteElo "2371"]
[BlackElo "2126"]
[PlyCount "49"]
[EventDate "2009.10.10"]
[EventType "team"]
[EventRounds "11"]
[EventCountry "AUT"]
[WhiteTeam "ZH-Technologies Wolfsberg"]
[BlackTeam "SC Die Klagenfurter"]

1.e4 c5 2.Nf3 d6 3.d4 cxd4 4.Nxd4 Nf6 5.Nc3 a6 6.Bg5 e6 7.f4 Be7 8.Qf3 h6 9.Bh4
Qc7 10.O-O-O Nbd7 11.Be2 Nb6 12.Qg3 e5 13.Nf5 Bxf5 14.exf5 Rc8 15.Rd2 O-O
16.fxe5 dxe5 17.Rhd1 Kh7 18.Bxf6 Bxf6 19.Ne4 Rfd8 20.Nxf6+ gxf6 21.Qb3 Rxd2
22.Rxd2 Kg7 23.Qg3+ Kh7 24.Qb3 Kg7 25.Qg3+

[Event "2. Bundesliga Mitte 2009/2010"]
[Site "Villach"]
[Date "2009.11.21"]
[Round "3"]
[Board "6"]
[White "Putz, Georg"]
[Black "Wegerer, Fred"]
[Result "0-1"]
[WhiteElo "2140"]
[BlackElo "2215"]
[PlyCount "86"]
[EventDate "2009.10.10"]
[EventType "team"]
[EventRounds "11"]
[EventCountry "AUT"]
[WhiteTeam "SC Die Klagenfurter"]
[BlackTeam "ZH-Technologies Wolfsberg"]

1.c4 c5 2.Nc3 Nc6 3.g3 g6 4.Bg2 Bg7 5.d3 Nf6 6.e4 d6 7.Nge2 Bg4 8.h3 Bd7 9.f4
Qc8 10.Be3 Rb8 11.Qd2 a6 12.g4 b5 13.cxb5 axb5 14.O-O h5 15.g5 Nh7 16.Kh2 b4
17.Nd1 Nd4 18.Bxd4 cxd4 19.h4 Nf8 20.Nf2 Ne6 21.Bh3 Nc5 22.Bxd7+ Qxd7 23.Ng3 O-O
24.f5 Be5 25.Nh3 b3 26.a3 Qb5 27.Rf3 Rfc8 28.Rc1 Nd7 29.fxg6 fxg6 30.Nf4 Bxf4
31.Rxf4 Ne5 32.Rff1 Nxd3 33.Rxc8+ Rxc8 34.Kg1 Rc2 35.Qd1 Ne5 36.Qxd4 Qd3 37.Qxd3
Nxd3 38.Rf3 Nc5 39.Rf2 Rc1+ 40.Rf1 Rc4 41.Rf3 Kg7 42.Kg2 Rc2+ 43.Rf2 Nd3

[Event "2. Bundesliga Mitte 2009/2010"]
[Site "Villach"]
[Date "2009.11.21"]
[Round "3"]
[Board "1"]
[White "Weiss, Christian"]
[Black "Horvath, Adam"]
[Result "1/2-1/2"]
[WhiteElo "2421"]
[BlackElo "2501"]
[PlyCount "109"]
[EventDate "2009.10.10"]
[EventType "team"]
[EventRounds "11"]
[EventCountry "AUT"]
[WhiteTeam "Union Ansfelden"]
[BlackTeam "RbEJ Gleisdorf"]

1.d4 Nf6 2.Nf3 e6 3.g3 d5 4.Bg2 Be7 5.c4 O-O 6.O-O c6 7.Nbd2 Nbd7 8.Qc2 b6 9.e4
Ba6 10.e5 Ne8 11.Rd1 Rc8 12.Bf1 Nc7 13.Bd3 h6 14.cxd5 Bxd3 15.Qxd3 Nxd5 16.Ne4
c5 17.Nc3 Nxc3 18.bxc3 Qc7 19.Qe4 cxd4 20.cxd4 Qc2 21.Qxc2 Rxc2 22.Be3 Rd8 23.a4
Nb8 24.a5 bxa5 25.Rxa5 Nc6 26.Ra4 a5 27.Ne1 Rc3 28.Raa1 Bg5 29.Ng2 Bxe3 30.Nxe3
Nxd4 31.Rxa5 Rxe3 32.fxe3 Ne2+ 33.Kf2 Rxd1 34.Kxe2 Rh1 35.h4 Kh7 36.Ra7 Kg6
37.Rb7 Rh2+ 38.Kf3 Rh1 39.Ke2 Rh2+ 40.Kf3 Rh1 41.Ke2 h5 42.e4 Ra1 43.Rb5 Ra7
44.Kf3 Kh6 45.Kf4 Ra1 46.Rb7 Kg6 47.Rb5 Ra3 48.Rc5 Ra4 49.Kf3 f5 50.exf6 gxf6
51.Rc6 Ra3+ 52.Kf2 e5 53.Rb6 Ra2+ 54.Kf3 Ra3+ 55.Kf2

[Event "2. Bundesliga Mitte 2009/2010"]
[Site "Villach"]
[Date "2009.11.21"]
[Round "3"]
[Board "2"]
[White "Horvath, Tamas"]
[Black "Knoll, Hermann"]
[Result "1-0"]
[WhiteElo "2424"]
[BlackElo "2384"]
[PlyCount "113"]
[EventDate "2009.10.10"]
[EventType "team"]
[EventRounds "11"]
[EventCountry "AUT"]
[WhiteTeam "RbEJ Gleisdorf"]
[BlackTeam "Union Ansfelden"]

1.e4 e5 2.Nf3 Nc6 3.Bb5 a6 4.Ba4 Nf6 5.O-O Be7 6.Bxc6 dxc6 7.Nc3 Bg4 8.h3 Bh5
9.Qe2 Qd6 10.Nd1 Qe6 11.d3 Nd7 12.Ne3 Bg6 13.Bd2 O-O 14.Bc3 f6 15.Nh4 Be8
16.Nhf5 Kh8 17.Nxe7 Qxe7 18.f4 Bg6 19.fxe5 Nxe5 20.Nf5 Qe6 21.Qe3 b6 22.Qg3 Rae8
23.Rf2 c5 24.Raf1 Qd7 25.Ne3 Rg8 26.Rxf6 gxf6 27.Rxf6 Bxe4 28.Bxe5 Rxe5 29.Qxe5
Qd4 30.Re6+ Qxe5 31.Rxe5 Bc6 32.g4 Rd8 33.Nf5 Re8 34.Rxe8+ Bxe8 35.Kf2 h5 36.Ke3
hxg4 37.hxg4 Bf7 38.a3 Kh7 39.Kf4 Kg6 40.g5 Ba2 41.Nh4+ Kh5 42.Ng2 Kg6 43.c3 Bb1
44.Ne1 Kf7 45.Kg4 Kg7 46.d4 cxd4 47.cxd4 Kf7 48.Ng2 Ke6 49.Nf4+ Kd6 50.Kf3 c5
51.Ke3 b5 52.g6 cxd4+ 53.Kxd4 a5 54.g7 Ba2 55.Nh5 Ke7 56.Kc5 b4 57.a4

[Event "2. Bundesliga Mitte 2009/2010"]
[Site "Villach"]
[Date "2009.11.21"]
[Round "3"]
[Board "4"]
[White "Sandhu, Mario"]
[Black "Ennsberger, Ulrich"]
[Result "0-1"]
[WhiteElo "2316"]
[BlackElo "2347"]
[PlyCount "54"]
[EventDate "2009.10.10"]
[EventType "team"]
[EventRounds "11"]
[EventCountry "AUT"]
[WhiteTeam "RbEJ Gleisdorf"]
[BlackTeam "Union Ansfelden"]

1.e4 c6 2.c4 d5 3.cxd5 cxd5 4.exd5 Nf6 5.Nc3 Nxd5 6.Nf3 Nc6 7.d4 e6 8.Bd3 Be7
9.O-O O-O 10.Re1 Ncb4 11.Bb1 Nf6 12.Ne5 Bd7 13.Bg5 Rc8 14.Re3 g6 15.Rh3 Nc6
16.Qd2 Nxe5 17.dxe5 Ng4 18.Bxe7 Qxe7 19.Qd4 f5 20.f3 Bb5 21.fxg4 fxg4 22.Be4
gxh3 23.Nxb5 Qg5 24.Nc3 Rcd8 25.Qxa7 Rd2 26.Qxb7 hxg2 27.Re1 Qe3+

[Event "2. Bundesliga Mitte 2009/2010"]
[Site "Villach"]
[Date "2009.11.21"]
[Round "3"]
[Board "5"]
[White "Moser, Guenter"]
[Black "Wanderer, Thomas"]
[Result "1/2-1/2"]
[WhiteElo "2327"]
[BlackElo "2220"]
[PlyCount "86"]
[EventDate "2009.10.10"]
[EventType "team"]
[EventRounds "11"]
[EventCountry "AUT"]
[WhiteTeam "Union Ansfelden"]
[BlackTeam "RbEJ Gleisdorf"]

1.Nf3 Nf6 2.g3 g6 3.Bg2 Bg7 4.O-O O-O 5.c4 c5 6.Nc3 Nc6 7.d3 d6 8.Rb1 Rb8 9.a3
b6 10.b4 e5 11.Nd2 Bd7 12.Nd5 Nd4 13.e3 Nxd5 14.Bxd5 Ne6 15.Bb2 Qe7 16.Re1 h5
17.f4 Nc7 18.Bg2 Rbe8 19.Qf3 Bf5 20.Qf1 Be6 21.bxc5 bxc5 22.fxe5 dxe5 23.Bc3 Rb8
24.Rxb8 Rxb8 25.Rb1 Rxb1 26.Qxb1 Ne8 27.Qb8 Kh7 28.h4 Qd6 29.Qb1 Nf6 30.Nf3 Ng4
31.Ng5+ Kg8 32.Ne4 Qb6 33.Qc1 Bh6 34.Bd2 Bf5 35.Bf3 Bxe4 36.Bxe4 Qf6 37.Qe1 g5
38.Bg2 gxh4 39.gxh4 Qg6 40.Be4 Qf6 41.Kg2 Qg7 42.Kh3 Qf6 43.Kg2 Qg7

[Event "2. Bundesliga Mitte 2009/2010"]
[Site "Villach"]
[Date "2009.11.21"]
[Round "3"]
[Board "6"]
[White "Frosch, Ronald"]
[Black "Hellmayr, Alois"]
[Result "1/2-1/2"]
[WhiteElo "2237"]
[BlackElo "2269"]
[PlyCount "111"]
[EventDate "2009.10.10"]
[EventType "team"]
[EventRounds "11"]
[EventCountry "AUT"]
[WhiteTeam "RbEJ Gleisdorf"]
[BlackTeam "Union Ansfelden"]

1.d4 Nf6 2.Nf3 e6 3.c3 c5 4.g3 Nc6 5.Bg2 d5 6.O-O Qb6 7.e3 Bd6 8.Nbd2 O-O 9.dxc5
Qxc5 10.Nd4 e5 11.N4b3 Qb6 12.e4 Bg4 13.Qe1 d4 14.Nc4 Qc7 15.Nxd6 Qxd6 16.cxd4
Nxd4 17.Nxd4 Qxd4 18.Qa5 b6 19.Qa3 Rfd8 20.Be3 Qd3 21.Qxd3 Rxd3 22.Rfe1 Be6
23.f3 Kf8 24.Bf1 Rd6 25.Rac1 Rad8 26.Be2 Ne8 27.f4 f6 28.f5 Bc8 29.Kf2 Bb7
30.Kf3 Ke7 31.Bb5 g6 32.g4 Rc8 33.Rxc8 Bxc8 34.Rc1 Bb7 35.a4 Kd8 36.Bxe8 Kxe8
37.Rc7 Rd7 38.Rxd7 Kxd7 39.a5 bxa5 40.Bxa7 a4 41.Ke3 Ke8 42.Bb8 g5 43.Bc7 Kf7
44.Ba5 Ba6 45.Bb6 Bf1 46.Kf3 Bd3 47.Ba5 Bc2 48.Bb6 Bd1+ 49.Kg3 h5 50.gxh5 Bxh5
51.Kf2 Bd1 52.Bd8 Bc2 53.Ke3 Bb1 54.Kf3 Bc2 55.Ke3 g4 56.Bc7